000 00657nam a2200217Ii 4500
003 JO-AjNU
008 230606s9999||||xx |||||||||||||| ||und||
020 _a2521661188
040 _aJO-AjNU
_beng
_erda
_cJO-AjNU
041 _aeng
050 1 4 _aPR658.S47.D55 2000
100 3 _aDILLON, JANETTE,
_eauthor
_92521
245 0 0 _aTHEATRE, COURT AND CITY, 1595-1610: Drama and Social Space in London
250 _a1 ed
264 3 1 _aNew York:CAMBRIDGE UNIVERSITY PRESS, 2000
300 _a187P
336 _atext
_btxt
_2rdacontent
337 _aunmediated
_bn
_2rdamedia
338 _avolume
_bnc
_2rdacarrier
650 4 _aDrama - Theatre - London
_92522
999 _aE1319
_c1319
_d1319